| 000 | 00880cam a2200265I 4500 | ||
|---|---|---|---|
| 001 | 49799 | ||
| 005 | 20230410101628.0 | ||
| 008 | 750903s1935 ht f000 0 fre d | ||
| 035 | _a(OCoLC)ocm01595817 | ||
| 040 |
_aFUG _cFUG _dOCLCQ |
||
| 035 | _a(OCoLC)1595817 | ||
| 050 | 1 | 4 |
_a110 E 183.8 _bP326s 1935 |
| 082 | 0 | 0 | _a327.7294 |
| 100 | 1 | _aPauleus Sannon, Horace. | |
| 245 | 1 | 0 |
_aSix mois de Ministére en face des Etats-Unis _c[par] H. Pauleus Sannon [Secrétaire d'état des relations extérieures]. |
| 260 |
_aPort-au-Prince : _bA.A. Héraux, _c[1935] |
||
| 300 |
_aiv, 174 p. _c23 cm. |
||
| 651 | 0 |
_aHaiti _xForeign relations _zUnited States. |
|
| 651 | 0 |
_aUnited States _xForeign relations _zHaiti. |
|
| 650 | 4 | _aCEH | |
| 650 | 4 | _aColección Estudios Haitianos | |
| 710 | 1 |
_aHaiti. _bDépartement des affaires étrangéres. |
|
| 942 |
_2lcc _cbk |
||
| 994 |
_aC0 _bDRFGD |
||
| 999 |
_c11246 _d11246 |
||